| 000 | 00572nam a22001937a 4500 | ||
|---|---|---|---|
| 999 |
_c7746 _d7746 |
||
| 003 | OSt | ||
| 005 | 20230612140332.0 | ||
| 008 | 230612b ||||| |||| 00| 0 eng d | ||
| 015 |
_2Biblioteca de Catalunya _aDL B9138-2023 |
||
| 020 | _a9788498095395 | ||
| 040 |
_aCDMR _bcat _cCDMR |
||
| 100 |
_94854 _aBesses, Montserrat |
||
| 245 |
_aTotes les cares de França _c/ Montserrat Besses |
||
| 260 |
_aBarcelona _b: Pòrtic _c, 2023 |
||
| 300 | _a470 pàgines | ||
| 600 | 0 |
_94855 _aMacron, Emmanuel |
|
| 651 | 0 |
_94856 _aFrança _xPolítica i govern _zS. XXI |
|
| 942 |
_2udc _cMON |
||